[Event "Ekstraliga 2019"]
[Site "Katowice"]
[Date "2019.09.05"]
[Round "9.26"]
[White "Hracek, Zbynek"]
[Black "Navara, David"]
[Result "0-1"]
[BlackElo "2724"]
[WhiteElo "2572"]
[WhiteTeam "KSz Silesia Raciborz"]
[BlackTeam "Wasko HETMAN GKS Katowice"]
[LiveChessVersion "1.4.8"]

1. d4 {[%clk 1:30:57]} Nf6 {[%clk 1:30:31]} 2. c4 {[%clk 1:31:21]} e6
{[%clk 1:30:55]} 3. Nc3 {[%clk 1:31:37]} Bb4 {[%clk 1:31:18]} 4. Qc2
{[%clk 1:31:58]} d5 {[%clk 1:31:08]} 5. a3 {[%clk 1:32:04]} Bxc3+
{[%clk 1:31:33]} 6. Qxc3 {[%clk 1:32:32]} c5 {[%clk 1:30:46]} 7. dxc5
{[%clk 1:32:47]} d4 {[%clk 1:31:11]} 8. Qg3 {[%clk 1:33:11]} Nc6 {[%clk 1:28:45]}
9. Nf3 {[%clk 1:33:36]} e5 {[%clk 1:27:06]} 10. e3 {[%clk 1:31:48]} O-O
{[%clk 1:26:02]} 11. b4 {[%clk 1:32:01]} Re8 {[%clk 1:14:59]} 12. Be2
{[%clk 1:12:23]} d3 {[%clk 1:11:58]} 13. Bd1 {[%clk 1:12:30]} Ne4
{[%clk 1:12:17]} 14. Qh4 {[%clk 1:12:33]} d2+ {[%clk 1:12:40]} 15. Bxd2
{[%clk 1:10:29]} Nxd2 {[%clk 1:12:56]} 16. Qxd8 {[%clk 1:08:28]} Nxf3+
{[%clk 1:13:19]} 17. Bxf3 {[%clk 1:08:56]} Rxd8 {[%clk 1:13:13]} 18. Bd5
{[%clk 1:08:14]} Be6 {[%clk 1:03:58]} 19. O-O-O {[%clk 1:07:45]} Kf8
{[%clk 1:00:55]} 20. Kb2 {[%clk 1:06:17]} Rac8 {[%clk 0:58:44]} 21. Kc3
{[%clk 0:56:14]} a5 {[%clk 0:52:26]} 22. Kb3 {[%clk 0:30:56]} Ke7
{[%clk 0:51:45]} 23. Rd2 {[%clk 0:25:50]} e4 {[%clk 0:49:49]} 24. Rhd1
{[%clk 0:23:46]} f5 {[%clk 0:49:39]} 25. Bxe6 {[%clk 0:14:56]} Rxd2
{[%clk 0:47:58]} 26. Rxd2 {[%clk 0:15:24]} Kxe6 {[%clk 0:48:18]} 27. Rd6+
{[%clk 0:12:35]} Ke7 {[%clk 0:48:38]} 28. Rd5 {[%clk 0:09:33]} g6
{[%clk 0:48:07]} 29. h4 {[%clk 0:08:19]} axb4 {[%clk 0:23:33]} 30. axb4
{[%clk 0:08:47]} Rd8 {[%clk 0:23:56]} 31. b5 {[%clk 0:07:37]} Rxd5
{[%clk 0:23:11]} 32. cxd5 {[%clk 0:08:06]} Ne5 {[%clk 0:23:23]} 33. b6
{[%clk 0:06:32]} Kd7 {[%clk 0:19:32]} 34. Kb4 {[%clk 0:07:00]} Nd3+
{[%clk 0:19:36]} 35. Kb5 {[%clk 0:07:28]} Nxf2 {[%clk 0:19:37]} 36. c6+
{[%clk 0:07:54]} Kc8 {[%clk 0:19:57]} 37. d6 {[%clk 0:06:05]} bxc6+
{[%clk 0:20:22]} 38. Kxc6 {[%clk 0:06:11]} Nd3 {[%clk 0:16:05]} 39. d7+
{[%clk 0:01:22]} Kd8 {[%clk 0:16:30]} 40. Kd6 {[%clk 0:31:46]} Nb4
{[%clk 0:46:52]} 41. g3 {[%clk 0:31:28]} Na6 {[%clk 0:46:01]} 42. h5
{[%clk 0:22:06]} g5 {[%clk 0:45:03]} 43. Ke5 {[%clk 0:22:26]} f4 {[%clk 0:45:30]}
44. gxf4 {[%clk 0:20:26]} g4 {[%clk 0:45:52]} 45. f5 {[%clk 0:16:09]} g3
{[%clk 0:46:10]} 46. f6 {[%clk 0:16:19]} Kxd7 {[%clk 0:46:35]} 0-1

[Event "Ekstraliga 2019"]
[Site "Katowice"]
[Date "2019.09.05"]
[Round "9.27"]
[White "Socko, Bartosz"]
[Black "Markowski, Tomasz"]
[Result "1-0"]
[BlackElo "2537"]
[WhiteElo "2625"]
[WhiteTeam "Wasko HETMAN GKS Katowice"]
[BlackTeam "KSz Silesia Raciborz"]
[LiveChessVersion "1.4.8"]

1. d4 {[%clk 1:30:57]} Nf6 {[%clk 1:30:50]} 2. c4 {[%clk 1:31:21]} e6
{[%clk 1:31:16]} 3. Nf3 {[%clk 1:31:45]} b6 {[%clk 1:31:43]} 4. Bf4
{[%clk 1:32:09]} Bb4+ {[%clk 1:30:57]} 5. Nfd2 {[%clk 1:32:27]} Nh5
{[%clk 1:30:43]} 6. Bg3 {[%clk 1:32:31]} Bb7 {[%clk 1:30:30]} 7. a3
{[%clk 1:32:24]} Be7 {[%clk 1:30:36]} 8. Nc3 {[%clk 1:32:30]} d6 {[%clk 1:30:25]}
9. e3 {[%clk 1:31:30]} Nxg3 {[%clk 1:29:15]} 10. hxg3 {[%clk 1:31:53]} Nd7
{[%clk 1:29:35]} 11. Qc2 {[%clk 1:31:13]} g6 {[%clk 1:27:43]} 12. O-O-O
{[%clk 1:31:24]} a6 {[%clk 1:15:40]} 13. Rh2 {[%clk 1:29:12]} c5 {[%clk 1:11:48]}
14. Be2 {[%clk 1:27:36]} cxd4 {[%clk 1:09:31]} 15. exd4 {[%clk 1:28:00]} Qc7
{[%clk 1:08:15]} 16. Kb1 {[%clk 1:26:37]} Rc8 {[%clk 1:05:11]} 17. Qd3
{[%clk 1:18:36]} h5 {[%clk 1:00:54]} 18. Bf3 {[%clk 1:10:00]} Bxf3
{[%clk 0:59:02]} 19. gxf3 {[%clk 1:10:17]} Nf6 {[%clk 0:54:53]} 20. d5
{[%clk 1:04:59]} exd5 {[%clk 0:54:36]} 21. cxd5 {[%clk 1:04:47]} b5
{[%clk 0:53:44]} 22. g4 {[%clk 1:04:27]} h4 {[%clk 0:50:47]} 23. g5
{[%clk 1:03:52]} Nh5 {[%clk 0:47:47]} 24. Qd4 {[%clk 0:56:13]} Rh7
{[%clk 0:45:23]} 25. Qxh4 {[%clk 0:55:06]} Qd7 {[%clk 0:43:06]} 26. Re1
{[%clk 0:48:08]} Kf8 {[%clk 0:40:58]} 27. Qg4 {[%clk 0:41:42]} Rc7
{[%clk 0:39:11]} 28. Nde4 {[%clk 0:39:59]} Kg7 {[%clk 0:35:41]} 29. Reh1
{[%clk 0:35:41]} Rh8 {[%clk 0:34:53]} 30. Nf6 {[%clk 0:32:09]} Bxf6
{[%clk 0:35:00]} 31. gxf6+ {[%clk 0:32:27]} Kg8 {[%clk 0:34:50]} 32. Qg5
{[%clk 0:32:16]} 1-0

[Event "Ekstraliga 2019"]
[Site "Katowice"]
[Date "2019.09.05"]
[Round "9.28"]
[White "Nasuta, Grzegorz"]
[Black "Gajewski, Grzegorz"]
[Result "1-0"]
[BlackElo "2613"]
[WhiteElo "2533"]
[WhiteTeam "KSz Silesia Raciborz"]
[BlackTeam "Wasko HETMAN GKS Katowice"]
[LiveChessVersion "1.4.8"]

1. e4 {[%clk 1:30:57]} e5 {[%clk 1:30:48]} 2. Nf3 {[%clk 1:31:21]} Nc6
{[%clk 1:31:12]} 3. Bc4 {[%clk 1:31:33]} Bc5 {[%clk 1:31:35]} 4. O-O
{[%clk 1:31:44]} Nf6 {[%clk 1:31:47]} 5. d3 {[%clk 1:32:08]} d6 {[%clk 1:32:11]}
6. c3 {[%clk 1:32:23]} a6 {[%clk 1:32:36]} 7. a4 {[%clk 1:32:20]} h6
{[%clk 1:32:57]} 8. Re1 {[%clk 1:32:18]} O-O {[%clk 1:32:54]} 9. Nbd2
{[%clk 1:26:42]} a5 {[%clk 1:33:10]} 10. h3 {[%clk 1:26:32]} Be6 {[%clk 1:33:16]}
11. b3 {[%clk 1:26:56]} Re8 {[%clk 1:33:23]} 12. Bb5 {[%clk 1:25:30]} Bd7
{[%clk 1:33:48]} 13. Nf1 {[%clk 1:22:26]} Ne7 {[%clk 1:33:48]} 14. Bxd7
{[%clk 1:01:04]} Qxd7 {[%clk 1:33:41]} 15. Ng3 {[%clk 1:01:09]} Ng6
{[%clk 1:33:56]} 16. d4 {[%clk 0:57:51]} Bb6 {[%clk 1:25:45]} 17. Be3
{[%clk 0:50:10]} exd4 {[%clk 1:19:22]} 18. Bxd4 {[%clk 0:50:26]} Bxd4
{[%clk 1:19:46]} 19. cxd4 {[%clk 0:48:47]} c5 {[%clk 1:16:44]} 20. dxc5
{[%clk 0:34:33]} dxc5 {[%clk 1:17:00]} 21. Qxd7 {[%clk 0:34:56]} Nxd7
{[%clk 1:17:23]} 22. Rad1 {[%clk 0:35:17]} Rad8 {[%clk 1:08:07]} 23. Nf5
{[%clk 0:30:34]} Nde5 {[%clk 1:07:52]} 24. Nxe5 {[%clk 0:17:25]} Nxe5
{[%clk 1:07:21]} 25. f3 {[%clk 0:16:44]} Nc6 {[%clk 0:49:17]} 26. Kf1
{[%clk 0:10:58]} Kf8 {[%clk 0:49:06]} 27. Rd5 {[%clk 0:07:49]} Nb4
{[%clk 0:44:47]} 28. Rd6 {[%clk 0:05:17]} g6 {[%clk 0:37:11]} 29. Red1
{[%clk 0:05:31]} Rxd6 {[%clk 0:36:45]} 30. Nxd6 {[%clk 0:05:56]} Rd8
{[%clk 0:36:01]} 31. Ke2 {[%clk 0:06:20]} Na2 {[%clk 0:36:23]} 32. Ke1
{[%clk 0:03:10]} Nc3 {[%clk 0:28:09]} 33. Rd2 {[%clk 0:03:34]} Nb1
{[%clk 0:27:18]} 34. Rd1 {[%clk 0:03:09]} Nc3 {[%clk 0:27:16]} 35. Rd2
{[%clk 0:03:34]} Nb1 {[%clk 0:14:42]} 36. Rd5 {[%clk 0:03:58]} Nc3
{[%clk 0:12:29]} 37. Nxb7 {[%clk 0:02:02]} Rb8 {[%clk 0:10:23]} 38. Rd8+
{[%clk 0:02:17]} Rxd8 {[%clk 0:10:29]} 39. Nxd8 {[%clk 0:02:42]} 1-0

[Event "Ekstraliga 2019"]
[Site "Katowice"]
[Date "2019.09.05"]
[Round "9.29"]
[White "Gazik, Viktor"]
[Black "Jakubowski, Krzysztof"]
[Result "1-0"]
[BlackElo "2518"]
[WhiteElo "2537"]
[WhiteTeam "Wasko HETMAN GKS Katowice"]
[BlackTeam "KSz Silesia Raciborz"]
[LiveChessVersion "1.4.8"]

1. e4 {[%clk 1:30:56]} e5 {[%clk 1:30:28]} 2. Nf3 {[%clk 1:30:27]} Nc6
{[%clk 1:30:45]} 3. c3 {[%clk 1:24:58]} Nf6 {[%clk 1:28:59]} 4. d4
{[%clk 1:25:16]} exd4 {[%clk 1:29:20]} 5. e5 {[%clk 1:25:39]} Ne4
{[%clk 1:29:46]} 6. cxd4 {[%clk 1:13:06]} d5 {[%clk 1:29:59]} 7. Bb5
{[%clk 1:02:44]} Bd7 {[%clk 1:30:17]} 8. Ba4 {[%clk 0:52:54]} Bb4+
{[%clk 1:26:32]} 9. Bd2 {[%clk 0:44:33]} Nxd2 {[%clk 1:22:26]} 10. Nbxd2
{[%clk 0:44:46]} O-O {[%clk 1:22:44]} 11. Bxc6 {[%clk 0:33:57]} Bxc6
{[%clk 1:22:28]} 12. O-O {[%clk 0:34:20]} a5 {[%clk 1:22:21]} 13. Re1
{[%clk 0:32:58]} a4 {[%clk 1:21:25]} 14. Re3 {[%clk 0:32:43]} a3 {[%clk 1:19:13]}
15. b3 {[%clk 0:31:44]} Re8 {[%clk 1:16:24]} 16. Rc1 {[%clk 0:29:58]} Bd7
{[%clk 1:10:40]} 17. Ne1 {[%clk 0:24:16]} b6 {[%clk 0:59:19]} 18. Nd3
{[%clk 0:22:13]} Be7 {[%clk 0:59:38]} 19. Rg3 {[%clk 0:17:55]} Bh4
{[%clk 0:58:10]} 20. Re3 {[%clk 0:18:17]} Bb5 {[%clk 0:53:48]} 21. Qg4
{[%clk 0:09:53]} Re6 {[%clk 0:49:18]} 22. Nf4 {[%clk 0:06:36]} Rh6
{[%clk 0:49:15]} 23. e6 {[%clk 0:05:44]} fxe6 {[%clk 0:43:44]} 24. Nxe6
{[%clk 0:05:21]} Qf6 {[%clk 0:43:54]} 25. Nf3 {[%clk 0:04:34]} Bd7
{[%clk 0:43:46]} 26. Rxc7 {[%clk 0:04:10]} Rc8 {[%clk 0:44:04]} 27. Rxc8+
{[%clk 0:00:58]} Bxc8 {[%clk 0:44:30]} 28. Qf4 {[%clk 0:01:06]} Bxe6
{[%clk 0:29:22]} 29. Qxf6 {[%clk 0:01:34]} Rxf6 {[%clk 0:29:47]} 30. Nxh4
{[%clk 0:01:55]} Bg4 {[%clk 0:27:37]} 31. h3 {[%clk 0:00:34]} g5 {[%clk 0:27:41]}
32. hxg4 {[%clk 0:00:33]} gxh4 {[%clk 0:28:07]} 33. f3 {[%clk 0:00:39]} Rc6
{[%clk 0:26:01]} 34. Re8+ {[%clk 0:01:05]} Kf7 {[%clk 0:23:54]} 35. Ra8
{[%clk 0:01:33]} Rc1+ {[%clk 0:24:14]} 36. Kh2 {[%clk 0:02:02]} Rd1
{[%clk 0:24:43]} 37. Rxa3 {[%clk 0:01:51]} Rxd4 {[%clk 0:25:09]} 38. Ra7+
{[%clk 0:01:09]} Kg6 {[%clk 0:24:57]} 39. Rb7 {[%clk 0:00:38]} Kg5
{[%clk 0:20:39]} 40. Rxb6 {[%clk 0:30:33]} Kf4 {[%clk 0:51:01]} 41. Rh6
{[%clk 0:23:05]} Ke3 {[%clk 0:46:48]} 42. Rxh4 {[%clk 0:20:57]} Kf2
{[%clk 0:46:19]} 43. Rxh7 {[%clk 0:21:15]} Rd1 {[%clk 0:46:32]} 44. Rd7
{[%clk 0:20:31]} d4 {[%clk 0:46:55]} 45. f4 {[%clk 0:18:56]} d3 {[%clk 0:46:10]}
46. g5 {[%clk 0:18:45]} 1-0

[Event "Ekstraliga 2019"]
[Site "Katowice"]
[Date "2019.09.05"]
[Round "9.30"]
[White "Buksa, Nataliya"]
[Black "Socko, Monika"]
[Result "1/2-1/2"]
[BlackElo "2436"]
[WhiteElo "2406"]
[WhiteTeam "KSz Silesia Raciborz"]
[BlackTeam "Wasko HETMAN GKS Katowice"]
[LiveChessVersion "1.4.8"]

1. e4 {[%clk 1:30:58]} c6 {[%clk 1:30:56]} 2. d4 {[%clk 1:30:37]} d5
{[%clk 1:31:22]} 3. e5 {[%clk 1:31:04]} Bf5 {[%clk 1:31:48]} 4. Nd2
{[%clk 1:31:32]} e6 {[%clk 1:31:54]} 5. Nb3 {[%clk 1:31:58]} c5 {[%clk 1:31:51]}
6. dxc5 {[%clk 1:31:56]} Bxc5 {[%clk 1:31:45]} 7. Nxc5 {[%clk 1:32:12]} Qa5+
{[%clk 1:32:12]} 8. c3 {[%clk 1:32:39]} Qxc5 {[%clk 1:32:38]} 9. Be3
{[%clk 1:33:07]} Qc7 {[%clk 1:32:30]} 10. f4 {[%clk 1:33:34]} Ne7
{[%clk 1:31:36]} 11. Nf3 {[%clk 1:33:55]} Nbc6 {[%clk 1:31:34]} 12. Be2
{[%clk 1:34:22]} O-O {[%clk 1:31:04]} 13. O-O {[%clk 1:34:48]} f6
{[%clk 1:30:17]} 14. exf6 {[%clk 1:29:32]} Rxf6 {[%clk 1:30:28]} 15. b4
{[%clk 1:29:58]} Be4 {[%clk 1:19:36]} 16. Ng5 {[%clk 1:24:49]} Nf5
{[%clk 1:13:10]} 17. Nxe4 {[%clk 1:17:13]} dxe4 {[%clk 1:08:58]} 18. Qc1
{[%clk 1:17:14]} Nce7 {[%clk 0:59:37]} 19. Bc5 {[%clk 0:56:01]} b6
{[%clk 0:50:06]} 20. Bxe7 {[%clk 0:55:37]} Nxe7 {[%clk 0:49:49]} 21. c4
{[%clk 0:55:02]} Raf8 {[%clk 0:41:42]} 22. g3 {[%clk 0:36:04]} e5
{[%clk 0:41:09]} 23. Qe3 {[%clk 0:32:49]} exf4 {[%clk 0:36:59]} 24. Qxe4
{[%clk 0:33:17]} fxg3 {[%clk 0:36:17]} 25. h4 {[%clk 0:33:44]} g6
{[%clk 0:25:06]} 26. Rad1 {[%clk 0:21:42]} Nf5 {[%clk 0:23:23]} 27. h5
{[%clk 0:15:03]} Kg7 {[%clk 0:23:04]} 28. Bg4 {[%clk 0:14:42]} R8f7
{[%clk 0:20:15]} 29. Bxf5 {[%clk 0:11:56]} gxf5 {[%clk 0:19:46]} 30. Qd4
{[%clk 0:11:56]} f4 {[%clk 0:18:38]} 31. Rd3 {[%clk 0:11:12]} Kh6
{[%clk 0:07:49]} 32. c5 {[%clk 0:05:26]} Qe7 {[%clk 0:07:03]} 33. cxb6
{[%clk 0:05:06]} axb6 {[%clk 0:07:16]} 34. a4 {[%clk 0:05:17]} Qe6
{[%clk 0:06:06]} 35. Rdf3 {[%clk 0:04:45]} Qh3 {[%clk 0:04:05]} 36. Qd2
{[%clk 0:05:04]} Kxh5 {[%clk 0:04:03]} 37. a5 {[%clk 0:04:45]} bxa5
{[%clk 0:03:36]} 38. bxa5 {[%clk 0:05:12]} Qh4 {[%clk 0:02:30]} 39. Re1
{[%clk 0:02:58]} g2 {[%clk 0:02:08]} 40. Qc3 {[%clk 0:32:43]} Qh1+
{[%clk 0:31:47]} 41. Kf2 {[%clk 0:31:28]} Qh4+ {[%clk 0:28:43]} 42. Kg1
{[%clk 0:31:31]} Kg6 {[%clk 0:24:01]} 43. Rh3 {[%clk 0:28:20]} Qg4
{[%clk 0:23:50]} 44. Qc2+ {[%clk 0:25:52]} Qf5 {[%clk 0:24:05]} 45. Qxg2+
{[%clk 0:25:10]} Qg5 {[%clk 0:24:32]} 46. Re5 {[%clk 0:25:16]} Qxg2+
{[%clk 0:23:52]} 47. Kxg2 {[%clk 0:25:44]} Rf5 {[%clk 0:19:59]} 48. Rxf5
{[%clk 0:18:40]} Kxf5 {[%clk 0:20:24]} 49. Kf3 {[%clk 0:19:08]} Kg5
{[%clk 0:20:21]} 50. Rh2 {[%clk 0:19:35]} Ra7 {[%clk 0:19:43]} 51. Rg2+
{[%clk 0:19:29]} Kf5 {[%clk 0:20:01]} 52. Rh2 {[%clk 0:18:38]} 1/2-1/2